[Event "2023 National K-12 Grade Championships"]
[Site "Orlando, Florida, United States"]
[Date "2023.12.17"]
[Round "7.27"]
[White "Katta, Sriansh"]
[Black "Li, Aiden Linyuan"]
[Result "1-0"]
[TimeControl "G/90;d10"]
[WhiteElo "1789"]
[BlackElo "1832"]

1. e4 {[%clk 01:30:00]} {[%emt 00:00:01]} e6 {[%clk 01:30:00]} {[%emt
00:00:06]} 2. d4 {[%clk 01:30:00]} {[%emt 00:00:09]} d5 {[%clk 01:30:00]}
{[%emt 00:00:04]} 3. Nd2 {[%clk 01:30:00]} {[%emt 00:00:08]} Be7 {[%clk
01:30:00]} {[%emt 00:00:03]} 4. Ngf3 {[%clk 01:29:43]} {[%emt 00:00:27]} Nf6
{[%clk 01:30:00]} {[%emt 00:00:07]} 5. Bd3 {[%clk 01:28:44]} {[%emt 00:01:09]}
c5 {[%clk 01:30:00]} {[%emt 00:00:12]} 6. e5 {[%clk 01:28:14]} {[%emt
00:00:40]} Nfd7 {[%clk 01:29:36]} {[%emt 00:00:33]} 7. c3 {[%clk 01:28:12]}
{[%emt 00:00:12]} Nc6 {[%clk 01:29:36]} {[%emt 00:00:10]} 8. O-O {[%emt
00:13:17]} g5 {[%clk 01:22:20]} {[%emt 00:03:59]} 9. Bb5 {[%clk 01:06:38]}
{[%emt 00:12:25]} g4 {[%clk 01:21:49]} {[%emt 00:00:40]} 10. Bxc6 {[%clk
01:06:38]} {[%emt 00:00:10]} bxc6 {[%clk 01:21:49]} {[%emt 00:00:09]} 11. Ne1
{[%clk 01:06:12]} {[%emt 00:00:34]} cxd4 {[%clk 01:21:49]} {[%emt 00:00:11]} 12.
cxd4 {[%clk 01:04:55]} {[%emt 00:01:27]} Ba6 {[%clk 01:21:49]} {[%emt
00:00:06]} 13. Qxg4 {[%clk 01:04:46]} {[%emt 00:00:18]} Bxf1 {[%clk 01:21:49]}
{[%emt 00:00:06]} 14. Nxf1 {[%clk 01:04:33]} {[%emt 00:00:24]} Nf8 {[%clk
01:21:14]} {[%emt 00:00:44]} 15. f4 {[%clk 01:01:30]} {[%emt 00:03:14]} h5
{[%clk 01:21:07]} {[%emt 00:00:18]} 16. Qf3 {[%clk 00:59:46]} {[%emt 00:01:54]}
Qb6 {[%clk 01:18:35]} {[%emt 00:02:42]} 17. Qf2 {[%clk 00:58:57]} {[%emt
00:00:57]} Nd7 {[%clk 01:18:10]} {[%emt 00:00:37]} 18. Be3 {[%clk 00:58:42]}
{[%emt 00:00:24]} O-O-O {[%clk 01:16:50]} {[%emt 00:01:31]} 19. Rc1 {[%clk
00:56:44]} {[%emt 00:02:06]} f6 {[%clk 01:14:42]} {[%emt 00:02:19]} 20. Nd3
{[%clk 00:52:22]} {[%emt 00:04:28]} Kb7 {[%clk 01:13:10]} {[%emt 00:01:47]} 21.
Nd2 {[%clk 00:46:20]} {[%emt 00:06:07]} Rc8 {[%clk 01:06:56]} {[%emt 00:06:27]}
22. Nb3 {[%clk 00:44:19]} {[%emt 00:02:11]} f5 {[%clk 01:00:40]} {[%emt
00:06:26]} 23. Kh1 {[%clk 00:32:41]} {[%emt 00:11:46]} Kc7 {[%clk 00:57:17]}
{[%emt 00:03:36]} 24. Bd2 {[%clk 00:31:25]} {[%emt 00:01:21]} Qa6 {[%clk
00:56:02]} {[%emt 00:01:30]} 25. Nb4 {[%clk 00:28:10]} {[%emt 00:03:25]} Bxb4
{[%clk 00:53:34]} {[%emt 00:02:38]} 26. Bxb4 {[%clk 00:28:03]} {[%emt
00:00:18]} Qxa2 {[%clk 00:52:01]} {[%emt 00:01:42]} 27. Qc2 {[%clk 00:23:21]}
{[%emt 00:04:51]} c5 {[%clk 00:48:57]} {[%emt 00:03:15]} 28. Ba5+ {[%clk
00:21:49]} {[%emt 00:01:40]} Kb7 {[%clk 00:47:13]} {[%emt 00:01:56]} 29. Ra1
{[%clk 00:16:52]} {[%emt 00:05:06]} cxd4 {[%clk 00:46:42]} {[%emt 00:00:43]} 30.
Qxc8+ {[%clk 00:16:44]} {[%emt 00:00:17]} Rxc8 {[%clk 00:46:42]} {[%emt
00:00:06]} 31. Rxa2 {[%clk 00:16:44]} {[%emt 00:00:09]} Rc2 {[%clk 00:46:42]}
{[%emt 00:00:08]} 32. Ra1 {[%clk 00:15:57]} {[%emt 00:00:56]} d3 {[%clk
00:46:04]} {[%emt 00:00:48]} 33. Bc3 {[%clk 00:12:01]} {[%emt 00:04:06]} Nb8
{[%clk 00:44:25]} {[%emt 00:01:50]} 34. Rd1 {[%clk 00:10:30]} {[%emt 00:01:41]}
Nc6 {[%clk 00:43:10]} {[%emt 00:01:26]} 35. Nc5+ {[%clk 00:09:45]} {[%emt
00:00:54]} Kb6 {[%clk 00:43:10]} {[%emt 00:00:10]} 36. Nxd3 {[%clk 00:09:44]}
{[%emt 00:00:11]} d4 {[%clk 00:43:10]} {[%emt 00:00:04]} 37. Be1 {[%clk
00:08:49]} {[%emt 00:01:03]} Kb5 {[%clk 00:41:38]} {[%emt 00:01:45]} 38. b3
{[%clk 00:08:13]} {[%emt 00:00:45]} a5 {[%clk 00:40:43]} {[%emt 00:01:05]} 39.
h3 {[%clk 00:08:02]} {[%emt 00:00:22]} Nb4 {[%clk 00:40:20]} {[%emt 00:00:32]}
40. Nxb4 {[%clk 00:07:42]} {[%emt 00:00:31]} axb4 {[%clk 00:40:20]} {[%emt
00:00:07]} 41. Kg1 {[%clk 00:07:12]} {[%emt 00:00:38]} Rb2 {[%clk 00:39:49]}
{[%emt 00:00:42]} 42. Rxd4 {[%clk 00:06:45]} {[%emt 00:00:38]} Rxb3 {[%clk
00:39:49]} {[%emt 00:00:10]} 43. Rxb4+ {[%clk 00:05:22]} {[%emt 00:01:32]} Rxb4
{[%clk 00:39:49]} {[%emt 00:00:10]} 44. Bxb4 {[%clk 00:05:22]} {[%emt
00:00:03]} Kxb4 {[%clk 00:39:49]} {[%emt 00:00:07]} 45. g4 {[%clk 00:05:22]}
{[%emt 00:00:03]} hxg4 {[%clk 00:39:14]} {[%emt 00:00:45]} 46. h4 {[%clk
00:05:10]} {[%emt 00:00:22]} Kc4 {[%clk 00:38:50]} {[%emt 00:00:35]} 47. h5
{[%clk 00:05:10]} {[%emt 00:00:07]} Kd4 {[%clk 00:38:41]} {[%emt 00:00:20]} 48.
h6 {[%clk 00:05:10]} {[%emt 00:00:01]} Ke4 {[%clk 00:38:41]} {[%emt 00:00:07]}
49. h7 {[%clk 00:05:10]} {[%emt 00:00:03]} Kxf4 {[%clk 00:38:39]} {[%emt
00:00:11]} 50. h8=Q {[%clk 00:05:10]} {[%emt 00:00:02]} Ke4 {[%clk 00:38:25]}
{[%emt 00:00:25]} 51. Qf6 {[%clk 00:05:10]} {[%emt 00:00:09]} Kd5 {[%clk
00:38:25]} {[%emt 00:00:05]} 52. Kf2 {[%clk 00:04:54]} {[%emt 00:00:25]} 1-0

[Event "2023 National K-12 Grade Championships"]
[Site "Orlando, Florida, United States"]
[Date "2023.12.17"]
[Round "7.28"]
[White "Zhou, Abigail"]
[Black "Alluri, Samanyu"]
[Result "0-1"]
[TimeControl "G/90;d10"]
[WhiteElo "1701"]
[BlackElo "1651"]

1. e4 e5 2. Nf3 Nc6 3. Bc4 Bc5 4. c3 {[%emt 00:01:14]} Nf6 5. b4 Bb6 6. d3 d6 7.
O-O h6 8. a4 a6 9. Be3 Ba7 10. Nbd2 O-O 11. Re1 Be6 12. Bxa7 Rxa7 13. Bb3 Re8
14. h3 d5 15. exd5 Bxd5 16. Qc2 Nh5 17. d4 Bxb3 18. Nxb3 exd4 19. Nbxd4 Nxd4 20.
Nxd4 Ra8 21. Qf5 Nf6 22. Qf3 Qd5 23. Qg3 Ne4 24. Qxc7 Rac8 25. Qf4 {[%emt
00:00:45]} Nxc3 26. Qg4 {[%emt 00:01:58]} Rxe1+ {[%emt 00:03:01]} 27. Rxe1 Rc4
28. Re8+ Kh7 {[%emt 00:00:53]} 29. Qf5+ Qxf5 30. Nxf5 Rxb4 {[%emt 00:00:31]} 31.
Re7 {[%emt 00:01:42]} Nxa4 {[%emt 00:02:26]} 32. Rxf7 Kg6 {[%emt 00:01:16]} 33.
Rf8 {[%emt 00:01:47]} Rc4 {[%emt 00:00:50]} 34. Ne3 {[%emt 00:01:27]} Rc5
{[%emt 00:00:41]} 35. Rf4 {[%emt 00:01:06]} Nc3 {[%emt 00:00:05]} 36. Rf8
{[%emt 00:02:36]} a5 37. Rb8 b5 {[%emt 00:01:55]} 38. Rb6+ Kh7 39. Kf1 a4 40.
Nc2 {[%emt 00:01:44]} Nd5 41. Nd4 Nxb6 {[%emt 00:00:18]} 42. Ne6 {[%emt
00:01:23]} Re5 {[%emt 00:00:22]} 43. Nf8+ {[%emt 00:00:07]} Kg8 {[%emt
00:02:36]} 44. Ng6 a3 45. Nxe5 a2 46. Nd3 {[%emt 00:01:16]} a1=Q+ 47. Ke2
{[%emt 00:00:36]} b4 {[%emt 00:00:51]} 48. Nxb4 {[%emt 00:02:13]} Qb2+ 49. Kf3
Qxb4 50. Kg3 Qd2 51. f3 Nd5 {[%emt 00:00:21]} 52. Kh2 {[%emt 00:00:38]} Ne3 53.
Kg3 {[%emt 00:00:16]} g5 {[%emt 00:00:32]} 54. h4 {[%emt 00:14:39]} Qxg2# 0-1